|
|
|
|
| LEADER |
01252aam a22003858a 4500 |
| 001 |
00034470 |
| 005 |
20171026081025.0 |
| 008 |
160916s2011 ||||||viesd |
| 020 |
# |
# |
|c 82000
|
| 041 |
0 |
# |
|a vie
|
| 082 |
1 |
4 |
|a 111
|b S309L
|
| 100 |
1 |
# |
|a Soloviev, Vladimir
|
| 245 |
1 |
0 |
|a Siêu lý tình yêu
|c Vladimir Soloviev; Phạm Vĩnh Cư (tuyển chọn, dịch, giới thiệu và chú giải)
|b Những tác phẩm triết lý chọn lọc
|n Tập 3
|p Mỹ học và phê bình văn học
|
| 250 |
# |
# |
|a In lần thứ hai
|
| 260 |
# |
# |
|a Hà Nội
|b Tri thức
|c 2011
|
| 300 |
# |
# |
|a 351 tr.
|c 24 cm.
|
| 490 |
# |
# |
|a Tù sách tinh hoa
|
| 653 |
# |
# |
|a Mỹ học
|
| 653 |
# |
# |
|a Nghiên cứu
|
| 653 |
# |
# |
|a Triết học
|
| 653 |
# |
# |
|a Triết lý
|
| 653 |
# |
# |
|a Văn học
|
| 700 |
1 |
# |
|a Phạm, Vĩnh Cư
|e Tuyển chọn, dịch, giới thiệu và chú giải
|
| 852 |
# |
# |
|b Kho mượn
|j KM.0018191
|
| 852 |
# |
# |
|j KD.0017560
|b Kho đọc
|
| 852 |
# |
# |
|j KM.0018191
|j KD.0017560
|
| 910 |
|
|
|d 16/09/2016
|
| 980 |
# |
# |
|a Trung tâm Học liệu Lê Vũ Hùng, Trường Đại học Đồng Tháp
|